Movie pub quiz - Statistics

General Stats
  • This quiz has been taken 15 times
  • The average score is 6 of 12
Answer Stats
Hint Answer % Correct
Forrest Gump, one of the best rated movies, featuring Tom Hanks aswell. What is the disability presented in this movie? Autism
86%
Famous picture, circling tik tok the last few months, is a movie scene from "The Matrix". Which pill does Neo take? Red
86%
What is the name of Stanley Kubrick's last movie made? Eyes wide shut
71%
What movie won Best Picture at the 2020 Oscars? Parasite
71%
Quentin Tarantino is one of the most famous movie directors. His debut film "Reservoir dogs" had extremely low budget. What is his highest budget movie? Django Unchained
64%
The planet in the movie "Avatar" shares a name with a piece of jewlery popular among girls and women. What is the name of this planet? Pandora
57%
We have a famous actress. Most know her by the movie " Me before you". Her name in the movie is Louisa/Lou Clark. What is her real name is we know last name is the same? Emilia Clark
43%
In this movie, the main character is exploring an isolated island, following the clues of people who live there tries to solve a mystery. What movie are we talking about? Shutter island
43%
"Hotel California" by Eagles might be a song everyone has heard at least one time. However, if we read between the lines of this song we will quickly figure out the movie in question. Which movie is this? The Shining
43%
Which movie first introduced the character Hannibal Lecter? Manhunter
21%
Since we are already mentioning Tarantino. There is a movie about to come out in 2026. Written by Quentin Tarantino, directed by David Fincher. What is the name of this movie? The Adventures of Cliff Booth
14%
In the movie "Pulp fiction" appears a character named Vincent Vega. He has a brother in another Tarantino movie. What is the name of Vincents brother? Vic Vega
14%
No matching quizzes found
Score Distribution
Percent of People with Each Score
Percentile by Number Answered
Your Score History
You have not taken this quiz